00310nam a22001097a 4500008004100000050002400041100002000065245004500085260002600130300001800156650002600174240520b |||||||| |||| 00| 0 eng d aPR 9387.9 E4J6 1979 aBuchi, Emecheta aThe Joys of Motherhood/cEmecheta, Buchi aU.K:bPenguin,c1979. a264p. :c20cm aMotherhood.xEnglish.